British Monarchs (chronologically) - Statistics

General Stats
  • This quiz has been taken 2,029 times
    1,631 since last reset
  • The average score is 34 of 45
Answer Stats
Year(s) of Reign Monarch % Correct
1066-1087 William I
92%
1087-1110 William II
87%
1952-2022 Elizabeth II
86%
2022-present Charles III
85%
1558-1603 Elizabeth I
84%
1837-1901 Victoria
84%
1509-1547 Henry VIII
83%
1100-1135 Henry I
82%
1936-1952 George VI
81%
1485-1509 Henry VII
81%
Heir Apparent William, Prince of Wales
81%
1936 Edward VIII
80%
1910-1936 George V
80%
1901-1910 Edward VII
79%
1553-1558 Mary I
79%
1547-1553 Edward VI
78%
1760-1820 George III
78%
1154-1189 Henry II
78%
1727-1760 George II
77%
1820-1830 George IV
77%
1603-1625 James I
77%
1189-1199 Richard I
77%
1625-1649 Charles I
76%
1660-1685 Charles II
76%
1714-1727 George I
76%
1199-1216 John
76%
1135-1154 Stephen
76%
1216-1272 Henry III
75%
1413-1422 Henry V
75%
1422-1461, 1470-1471 Henry VI
75%
1399-1413 Henry IV
74%
1272-1307 Edward I
73%
1307-1327 Edward II
73%
1685-1688 James II
73%
1483-1485 Richard III
73%
1327-1377 Edward III
72%
2nd in line Prince George of Wales
72%
1377-1399 Richard II
72%
1702-1714 Anne
71%
1461-1470, 1471-1483 Edward IV
70%
1483 Edward V
70%
1689-1702 William III
68%
1830-1837 William IV
66%
1689-1694 Mary II
65%
3rd in line Princess Charlotte of Wales
64%
No matching quizzes found
Score Distribution
Percent of People with Each Score
Percentile by Number Answered
Your Score History
You have not taken this quiz since the last reset